000 00673nam a22002291 4500
001 134552
003 ES-MaACL
005 20230906194710.0
007 t|
008 070911s1952 sp ||||0| spa d
080 _a82-311.2"19"
100 1 _aWhitney, Janet.
_9116712
245 1 0 _aJennifer, mujer convicta /
_cJanet Whitney ; [versión española de Julio Fernández Yáñez].
250 _a1ª ed.
260 _aBarcelona :
_bLuis de Caralt,
_c1952.
300 _a385 p. ;
_c21 cm.
490 1 _aColección gigante
700 1 _aFernández-Yáñez, Julio.
_950195
830 1 _aColección gigante
_9181935
852 4 _aES-MaACL
_jD-8191
999 _c134552
_d134552